Adorea Gratvlatoria Qvam Viris Nobilissimis Clariss. Doctissimisqve Dominis, Samveli Sartorio Csetnekiensi, Et Iohanni Schmidt Alnoviensi Hvng. S.S. Theol. Et Phil. Cvltoribvs, Stvdiis Feliciter Absolvtis, Ex Alma Levcorea Patriam Repetentibvs Erexervnt Cives Hvngari A. G. R. MDCCXV VIIII Idie Ianvar

Bibliographic Details
Corporate Author: Litteris Hornianis (Witenberg, Nemecko) (Printer)
Format: Book
Language:Latin
Published: Vittebergae Litteris Hornianis 1715
Subjects:

MARC

LEADER 00000cam a22000005a 4500
001 vtls010032120
003 SK-MaSNL
005 20260301030334.0
008 180810s1715 gw 000 0 lat
015 |a SNBHFA 
040 |a SNK  |b slo  |c SNK  |e AACR2 
041 0 |a lat 
044 |a gw  |c DE 
072 7 |a 808  |x Literárny štýl. Literárna činnosť a technika. Efektívne využívanie jazyka. Spisovateľská činnosť  |2 konspekt 
080 |a 808.5-055.1  |2 2011 
130 0 |a Adorea  |9 324013 
245 1 0 |a Adorea Gratvlatoria  |b Qvam Viris Nobilissimis Clariss. Doctissimisqve Dominis, Samveli Sartorio Csetnekiensi, Et Iohanni Schmidt Alnoviensi Hvng. S.S. Theol. Et Phil. Cvltoribvs, Stvdiis Feliciter Absolvtis, Ex Alma Levcorea Patriam Repetentibvs Erexervnt Cives Hvngari A. G. R. MDCCXV VIIII Idie Ianvar 
260 |a Vittebergae  |b Litteris Hornianis  |c 1715 
500 |a Vlys. Ozdobná iniciála 
600 1 4 |a Sartorius, Samuel  |9 324014 
600 1 4 |a Schmidt, Joannes  |9 324015 
655 7 |a príležitostné reči  |2 SNKPH  |9 278783 
710 2 |a Litteris Hornianis (Witenberg, Nemecko)  |4 prt  |9 324016 
752 |a Nemecko  |d Witenberg 
852 |a snk  |p SA 1381 
958 |a ONDV 
958 |a DD 
999 |c 574227  |d 576157 
952 |a SNK  |b SNK  |y PREZ  |7 0  |p 17A0640390  |o snkSA 1381  |i snk2009/22419  |8 3  |g 30.00  |0 0  |1 0  |4 0  |d 2009-12-15  |l 0  |r 2025-01-23 00:00:00  |w 2026-02-23